Climate change adaptation in the water sector / (Record no. 531872)

000 -LEADER
fixed length control field 02233cam a2200265 a 4500
005 - DATE AND TIME OF LATEST TRANSACTION
control field 20191029183530.0
008 - FIXED-LENGTH DATA ELEMENTS--GENERAL INFORMATION
fixed length control field 080924s2009 enkabf b 001 0 eng
010 ## - LIBRARY OF CONGRESS CONTROL NUMBER
LC control number 2008042257
020 ## - INTERNATIONAL STANDARD BOOK NUMBER
International Standard Book Number 9781844076529 (hardback)
020 ## - INTERNATIONAL STANDARD BOOK NUMBER
International Standard Book Number 1844076520 (hardback)
040 ## - CATALOGING SOURCE
Transcribing agency DLC
082 00 - DEWEY DECIMAL CLASSIFICATION NUMBER
Classification number 333.91
Author Mark LUD
100 ## - MAIN ENTRY--PERSONAL NAME
Personal name Ludwig, Fulco
9 (RLIN) 24998
245 00 - TITLE STATEMENT
Title Climate change adaptation in the water sector /
Statement of responsibility, etc. edited by Fulco Ludwig ... [et al.].
260 ## - PUBLICATION, DISTRIBUTION, ETC.
Place of publication, distribution, etc. London ;
-- Sterling, VA :
Name of publisher, distributor, etc. Earthscan,
Date of publication, distribution, etc. 2009.
300 ## - PHYSICAL DESCRIPTION
Extent xxii, 274 p., [16] of plates :
Other physical details ill. (some col.), maps ;
Dimensions 25 cm.
500 ## - GENERAL NOTE
General note Published in association with the Co-operative Programme on Water and Climate.
504 ## - BIBLIOGRAPHY, ETC. NOTE
Bibliography, etc. note Includes bibliographical references and index.
505 0# - FORMATTED CONTENTS NOTE
Formatted contents note 1. Introduction -- Part I: Climate change and water: 2. The art of predicting climate variability and change -- 3. Climate change scenarios at the global and local scales -- 4. The impacts of climate change on water -- 5. Managing water under current climate variability -- 6. Using seasonal climate forecasts for water management -- 7. Adapting to climate change in the water sector -- 8. Climate-proofing -- Part II: Case studies: 9. Adaptation to climate change and social justice : challenges for flood and disaster management in Thailand -- 10. Water and spatial planning in the Netherlands : living with water in the context of climate change -- 11. Climate change and alluvial aquifers in arid regions : examples from Yemen -- 12. A water utility's approach to addressing the potential impacts of climate change -- 13. Adaptation measures for metropolitan water supply for Perth, Western Australia -- 14. Benefits and costs of measures for coping with water and climate change : Berg River Basin, South Africa -- 15. Institutional adaptation to climate change : current status and future strategies in the Elbe Basin, Germany -- 16. The use of seasonal climate forecasts within a shared reservoir system : the case of Angat Reservoir, the Philippines.
650 #0 - SUBJECT ADDED ENTRY--TOPICAL TERM
Topical term or geographic name entry element Climatic changes.
9 (RLIN) 3361
650 #0 - SUBJECT ADDED ENTRY--TOPICAL TERM
Topical term or geographic name entry element Water-supply
General subdivision Management.
9 (RLIN) 2498
700 1# - ADDED ENTRY--PERSONAL NAME
Personal name Ludwig, Fulco,
Dates associated with a name 1972-
9 (RLIN) 24999
710 2# - ADDED ENTRY--CORPORATE NAME
Corporate name or jurisdiction name as entry element Co-operative Programme on Water and Climate.
9 (RLIN) 25000
942 ## - ADDED ENTRY ELEMENTS (KOHA)
Source of classification or shelving scheme
Koha item type Book
Holdings
Withdrawn status Lost status Source of classification or shelving scheme Damaged status Not for loan Permanent Location Current Location Date acquired Total Checkouts Full call number Barcode Date last seen Date last checked out Price effective from Koha item type
          School of Civil and Environmental Engineering (SCEE) School of Civil and Environmental Engineering (SCEE) 10/29/2019 1 333.91 LUD NIT-12653 10/23/2025 10/29/2019 10/29/2019 Book
          School of Civil and Environmental Engineering (SCEE) School of Civil and Environmental Engineering (SCEE) 12/03/2019 1 333.91 LUD NIT-12652 07/02/2021 03/11/2021 12/03/2019 Book
© 2023 Central Library, National University of Sciences and Technology. All Rights Reserved.